| 000 | 00900nam a2200241 a 4500 | ||
|---|---|---|---|
| 001 | BRCA_7315 | ||
| 005 | 20190320205805.0 | ||
| 008 | 040712s2011----mx-a######---#000-0#spa-# | ||
| 020 | _a9789685546256 | ||
| 020 | _a9788415272175 | ||
| 020 | _a9788471204707 | ||
| 041 | _aspa | ||
| 050 | 4 | _bT47 2011 | |
| 245 | 1 | 0 |
_aTesoros de los Palacios Reales de España _buna historia compartida. |
| 260 |
_aMéxico _bChapa _c2011 |
||
| 300 |
_a735 p. _bil. a color _c35 cm. |
||
| 500 | _aIncluye lista de autores de fichas catalográficas | ||
| 500 | _aIncluye piezas de la colección Franz Mayer: p. 12, 24, 662, 664, 666, 668, 670, 672, 674, 678, 680, 682, 684, 686, 688, 690, 692, 694, 696, 698, 700, 718 y 722 | ||
| 504 | _aBibliografía: p. 724-735 | ||
| 650 | 1 | 4 |
_aPalacios _xArquitectura _zEspaña _911299 |
| 650 | 1 | 4 |
_aPalacios _xDecoración interior _ySiglo XIII-XIX _zEspaña _918088 |
| 942 |
_2lcc _cB |
||
| 999 |
_c6991 _d6991 |
||